| 000 | 01074nam a2200313 i 4500 | ||
|---|---|---|---|
| 003 | EG-GICUC | ||
| 005 | 20260121101239.0 | ||
| 008 | 251118s1961 ua ||||fr|||| 000 0 ara d | ||
| 040 |
_a EG-GICUC _bara _c EG-GICUC _d EG-GICUC _erda |
||
| 041 | 0 | _aara | |
| 082 | 0 | 4 |
_221 _a251 _bم ح . أ |
| 092 | 0 | 4 | _221 |
| 099 | _aLaw1 01 251 م ح . أ 1961 | ||
| 100 | 0 |
_aمحمد زكريا البرديسي _eمؤلف. |
|
| 245 | 1 | 0 |
_aأصول الفقه / _cمحمد زكريا البرديسي. |
| 250 | _aالطبعة الثانية. | ||
| 264 | 1 |
_aالقاهرة : _bمطبعة دار التأليف، _c1961. |
|
| 300 |
_a482 صفحة ؛ _c24 سم. |
||
| 336 |
_2rda content _atext |
||
| 337 |
_2rda media _aComputer |
||
| 338 |
_2rda carrier _aOnline Resource |
||
| 504 | _aيشتمل على إرجاعات ببليوجرافية. | ||
| 546 | _aالنص باللغة العربية | ||
| 650 | 1 |
_aأصول الفقه _2qrmak |
|
| 651 | 1 | _2qrmak | |
| 856 | 4 | 0 | _uhttps://fll.law.cu.edu.eg/fulltext/bks/B01-03244.pdf |
| 905 |
_a62 _eYara |
||
| 942 |
_2ddc _n0 _cBK _e21 |
||
| 999 |
_c44234 _d44234 |
||